| 000 | 00714cam a2200265 4500 | ||
|---|---|---|---|
| 008 | 090401t1993 xxu||||| |||| 00| 0 eng d | ||
| 020 | _a1856090493 | ||
| 035 | _a(Sirsi) u24790 | ||
| 041 | _aeng | ||
| 050 | _a658.15 | ||
| 100 | _aHastings, W.J. | ||
| 245 | _aBusiness finance for risk management. | ||
| 250 | _a2nd ed. | ||
| 260 |
_aLondon _bWitherby and Co. Ltd. _c1993 |
||
| 300 | _aix,151p. ; 22cm. | ||
| 350 | _a0 | ||
| 650 | _aBUSINESS FINANCE | ||
| 650 | _aFINANCIAL ACCOUNTING | ||
| 650 | _aMANAGEMENT ACCOUNTING | ||
| 650 | _aRISK MANAGEMENT | ||
| 690 | _aPROPERTY-PROPERTY FINANCE AND INVESTMENT | ||
| 710 |
_aInstitute of Risk Management _91091 |
||
| 942 | _n0 | ||
| 948 | _c04/03/1997 | ||
| 999 |
_c88609 _d88609 |
||